| 000 | 00873nam a2200313 i 4500 | ||
|---|---|---|---|
| 999 |
_c134 _d134 |
||
| 001 | 021384906 | ||
| 003 | UkOxU | ||
| 005 | 20190729075657.0 | ||
| 008 | 171107r20182017enk 000|f eng|d | ||
| 015 |
_aGBB800782 _2bnb |
||
| 016 | 7 |
_a018665551 _2Uk |
|
| 020 |
_a9780356508788 _qpaperback |
||
| 035 | _a(Uk)018665551 | ||
| 040 |
_aStDuBDS _beng _erda _cStDuBDS _dUkOxU |
||
| 082 | 0 | 4 |
_aFIC ROB _223 |
| 100 | 1 |
_aRobinson, Kim Stanley, _eauthor. |
|
| 245 | 1 | 0 |
_aNew York 2140 / _cKim Stanley Robinson. |
| 264 | 1 |
_aLondon : _bOrbit, _c2018. |
|
| 264 | 4 | _c©2017 | |
| 300 |
_a613 pages ; _c20 cm |
||
| 336 |
_atext _2rdacontent |
||
| 337 |
_aunmediated _2rdamedia |
||
| 338 |
_avolume _2rdacarrier |
||
| 500 | _aOriginally published: 2017. | ||
| 651 | 0 |
_aNew York (N.Y.) _vFiction. |
|
| 655 | 0 | _aScience fiction. | |
| 942 |
_2ddc _cFIC |
||